حسن البنا : (Record no. 15304)

MARC details
000 -الفاتح
حقل البيانات ثابتة الطول 00889nam a22001817a 4500
008 - عناصر البيانات ثابتة الطول - معلومات عامة
حقل البيانات ثابتة الطول 110516s2010 ua|||||r|||| 000 0 ara d
020 ## - الرقم الدولى المعيارى للكتب
الرقم الدولى المعيارى للكتاب 9789770929070
082 ## - رقم تصنيف ديوى العشرى
رقم الطبعة 22
رقم التصنيف 217.6
رقم المادة إ س م
100 ## - المدخل الرئيسى - إسم شخصى
9 (RLIN) 23860
الإسم الشخصى إسماعيل، حماده محمود
245 ## - بيان العنوان
العنوان حسن البنا :
بقية العنوان وجماعة الإخوان المسلمين بين الدين والسياسة 1928-1949 /
بيان المسئوليه,etc حماده محمود إسماعيل
260 ## - PUBLICATION, DISTRIBUTION, ETC. (IMPRINT)
مكان الناشر او الموزع القاهرة :
اسم الناشر او الموزع دار الشروق، 2010
تاريخ النشر أو التوزيع 2010
300 ## - الوصف المادى
التعداد 454 ص ؛
أبعاد الوعاء 24 سم
504 ## - تبصرة ببليوجرافية
تبصرة ببليوجرافية,الخ يشتمل على ببليوجرافية ص 445-454
650 ## - المدخل الاضافى بالموضوع-مصطلح موضوعى
9 (RLIN) 15845
مصطلح موضوعي أو اسم جغرافي كعنصر مدخل الإخوان المسلمون
653 ## - مصطلح تكشيفى غير مقيد
Resource For college
Arrived date list May2011
942 ## - عناصر المدخل الإضافي( كوها)
مصدر التصنيف او مخطط الترفيف Dewey Decimal Classification
Koha [default] item type Book - Borrowing
Holdings
حالة التراجع حالة الفقد مصدر التصنيف او خطة الترفيف حالة تلف ليس للاعارة المكان الدائم المكان الحالي موقع الترفيف تاريخ الاكتساب Source of acquisition سعر الشراء الطبيعي تعداد مسلسل / التسلسل الزمني رقم الاستدعاء الباركود Date last seen مُعار نوع الوعاء
    Dewey Decimal Classification     Central Library Central Library Lower Floor 16/05/2011 Purchase 50.00 046504 217.6 إ س م 000023578 15/07/2025 04/11/2018 Book - Borrowing